000 00426nam a2200169 a 4500
001 0000-8519
003 ELIB.Books
008 110520 1985
035 _a(ELIB.Books)0000-8664
082 _a226
_bEbe
100 _aEbeling, Gerhard
245 _aThe Truth of the Gospel
260 _bPhiladelphia: Fortress Press
_c1985
650 _aNew Testament
942 _2ddc
_cBK
998 _cbat
_e2011-05-20
999 _c8519
_d8519